Beach House Songs to Albums - Statistics

General Stats
  • This quiz has been taken 20 times
  • The average score is 13 of 15
Answer Stats
Question Answer % Correct
Myth Bloom
100%
Space Song Depression Cherry
94%
Norway Teen Dream
94%
Silver Soul Teen Dream
94%
She's So Lovely Thank Your Lucky Stars
94%
Lemon Glow 7
88%
Wild Bloom
88%
10:37 Depression Cherry
88%
Pink Funeral Once Twice Melody
88%
Heart of Chambers Devotion
81%
Chariot B-Sides and Rarities
75%
Real Love Teen Dream
75%
Saltwater Beach House
69%
Devil's Pool Become
63%
Wedding Bell Devotion
63%
No matching quizzes found
Score Distribution
Percent of People with Each Score
Percentile by Number Answered
Your Score History
You have not taken this quiz